| 000 | 00994nam a2200229 a 4500 | ||
|---|---|---|---|
| 001 | 80826 | ||
| 003 | BD-RjUL | ||
| 005 | 20221122113729.0 | ||
| 008 | 221122s2022 bg ||||| |||| 00| 0 ben d | ||
| 020 | _a9847000004864 | ||
| 035 | _a(BD-RjUL)80826 | ||
| 040 |
_aBD-RjUL _beng _cBD-RjUL |
||
| 041 | _aben | ||
| 082 |
_223 _a891.4409 _bBAU 2022 |
||
| 100 |
_aবন্দ্যোপাধ্যায়, অনিন্দ্য _95967 |
||
| 245 |
_aউনিশ শতকের বাংলা সাহিত্যে হিন্দুস্তানি সঙ্গীত / _cঅনিন্দ্য বন্দ্যোপাধ্যায় |
||
| 260 |
_aঢাকা : _bজাতীয় সাহিত্য প্রকাশ, _c২০২২ |
||
| 300 |
_a৯৬ পৃ.; _c১৯ সেমি. |
||
| 650 |
_aবাংলা সহিত্য _xইতিহাস ও সমালোচনা _95968 |
||
| 650 |
_aBengali literature _xHistory and Criticism |
||
| 942 |
_2ddc _cBK |
||
| 999 |
_c80826 _d80826 |
||